[Event "SVR-ch Seniors"]
[Site "Heimbach Weis"]
[Date "2017.04.15"]
[Round "7"]
[White "Hilger, Alfons"]
[Black "Mueller, Georg"]
[Result "0-1"]
[WhiteElo "1579"]
[BlackElo "2046"]
[PlyCount "84"]
[EventDate "2017.04.07"]
[EventType "swiss"]
[EventRounds "7"]
[EventCountry "GER"]
[SourceTitle "EXT 2020"]
[Source "ChessBase"]
[SourceDate "2019.10.17"]
[SourceVersion "1"]
[SourceVersionDate "2019.10.17"]
[SourceQuality "1"]

1. d4 d5 2. e3 Bf5 3. Bd3 Qd7 4. Qe2 Bxd3 5. Qxd3 Nf6 6. f3 e6 7. b3 Na6 8. Bd2 Rc8 9. c3 c5 10. Qe2 Be7 11. Nh3 0-0 12. 0-0 Rc6 13. a3 Bd6 14. Ra2 Rfc8 15. Be1 Qc7 16. Nf2 Bxh2+ 17. Kh1 Nh5 18. Ng4 Bg3 19. Qd3 Qe7 20. Kg1 Qh4 21. Bxg3 Nxg3 22. Rd1 f6 23. Nh2 Nb8 24. Nf1 Nd7 25. Nxg3 Qxg3 26. Rf2 Nf8 27. f4 f5 28. Rf3 Qg4 29. Rdf1 Nd7 30. Rh3 Nf6 31. Kh2 Ne4 32. Rff3 cxd4 33. Qxd4 Qg6 34. Qxa7 Qf7 35. Qd4 Qf6 36. Qxf6 gxf6 37. Rh6 R8c7 38. Rfh3 Rf7 39. Rf3 Kg7 40. Rfh3 Kh8 41. Rg6 Rg7 42. Rgh6 Nf2 0-1

[Event "SVR-ch Seniors"]
[Site "Heimbach Weis"]
[Date "2017.04.08"]
[Round "2"]
[White "Senger, Alexander"]
[Black "Hilger, Alfons"]
[Result "1-0"]
[WhiteElo "1665"]
[BlackElo "1579"]
[PlyCount "131"]
[EventDate "2017.04.07"]
[EventType "swiss"]
[EventRounds "7"]
[EventCountry "GER"]
[SourceTitle "EXT 2020"]
[Source "ChessBase"]
[SourceDate "2019.10.17"]
[SourceVersion "1"]
[SourceVersionDate "2019.10.17"]
[SourceQuality "1"]

1. e4 e6 2. d4 d5 3. e5 c5 4. c3 Nc6 5. Bb5 Bd7 6. Bxc6 Bxc6 7. Nf3 c4 8. 0-0 Qc7 9. Bg5 h6 10. Bh4 Be7 11. Bg3 0-0-0 12. b4 b5 13. Ne1 h5 14. h3 g5 15. f4 h4 16. Bh2 Rf8 17. fxg5 Bxg5 18. Qg4 Qe7 19. Bf4 Bxf4 20. Qxf4 Nh6 21. Nf3 Nf5 22. Nbd2 Rfg8 23. Nh2 Rg3 24. Ndf3 Rg7 25. Ng4 Ng3 26. Rf2 Ne4 27. Rc2 Rh5 28. Qc1 Ng5 29. Nxg5 Rhxg5 30. Qb2 Rf5 31. a4 a6 32. axb5 Bxb5 33. Ra5 Qd7 34. Qb1 Qc6 35. Nf6 Rfg5 36. Qe1 Qc7 37. Qxh4 Qd8 38. Rca2 Kb7 39. g4 Kb6 40. Qg3 R5g6 41. Rf2 Rh6 42. Raa2 Qh8 43. Rh2 Rh4 44. Kh1 Qh6 45. Ra1 Qg5 46. Rf1 Ba4 47. Qf4 Rh8 48. Nh5 Qxf4 49. Rxf4 Rgh7 50. Kg2 Bc2 51. Kg3 Bg6 52. Nf6 Rh4 53. Nh5 R4xh5 54. gxh5 Bxh5 55. Ra2 Bg6 56. Rf1 Rg8 57. Kf4 Bf5 58. Rh2 Rh8 59. h4 Rg8 60. h5 Rg4+ 61. Kf3 Rg5 62. h6 Be4+ 63. Kf2 Rf5+ 64. Ke1 Rxf1+ 65. Kxf1 Bh7 66. Rg2 1-0